000 01262nam a2200349 c 4500
003 BLK
005 20180420234328.0
008 180410b bul|||||r ||||||| ||bul||
010 _aKNG00163696000
020 _a978-619-160-306-0
_bиздат.: Авангард Прима
040 _aBLK
041 _aBUL
_cBUL
072 7 _2bullib
_aЯ
_xАвтографи
072 7 _2bullib
_aН8400
_xБългарска поезия Н
080 _aБългарска литература
_b821.163.2
_x-1
_z821.163.2-1
100 1 _aСтоянова, Людмила Христова
_eпърви автор
_9295705
139 _aСтоянова, Людмила Христова
_bС 83
245 1 0 _aПъзел за пораснали
_cЛюдмила Христова Стоянова.
257 _aBGR
260 София
_bАвангард Прима
_c2014
_fСофия : БПС
300 _a96 с.
_c21 см
380 _aX
500 _aСъдържа и за авт.
653 _aстихотворения
659 _aН
659 _aЯ
852 _aЦб 270254
856 4 _qpdf
_u
856 4 _qpdf
_u
942 _cKNG
_n0
944 _aCR
_c25.07.2014
_lф /
_kПенка_Димитрова
944 _aED
_c23.04.2015
_lф /
_kЛюдмила_Стоянова
999 _c156850
_d156850